00698nam a2200205 i 4500001000300000100002300003245007400026246004000100250005800140260004400198300002100242500005800263650003000321700002900351020002200380040000800402041001100410080003000421008004100451bg1 aMEISELS, Wojciech.10aPodręczny słownik włosko-polski.nT. 2,pM-Z /cWojciech Meisels.11aDizionario pratico italiano-polacco a[Wyd. 6 /boprac. wyd. rozsz. Hanna Cieśla et al.]. aWarszawa :b"Wiedza Powszechna",c1996. a744 s. ;c21 cm. aTyt. równol. : Dizionario pratico italiano-polacco. 4aSłowniki włosko-polskie1 aCIEŚLA, Hanna.eOprac. a8321410928 (2 t.) cBPK0 aplhit a811.134.2::811.162.1]'374 s pl f |000 0 pol